<?xml version="1.0" encoding="UTF-8"?><?xml-stylesheet type="text/xsl" href="static/style.xsl"?><OAI-PMH xmlns="http://www.openarchives.org/OAI/2.0/" xmlns:xsi="http://www.w3.org/2001/XMLSchema-instance" xsi:schemaLocation="http://www.openarchives.org/OAI/2.0/ http://www.openarchives.org/OAI/2.0/OAI-PMH.xsd"><responseDate>2026-04-17T13:02:30Z</responseDate><request verb="GetRecord" identifier="oai:www.recercat.cat:2072/487185" metadataPrefix="marc">https://recercat.cat/oai/request</request><GetRecord><record><header><identifier>oai:recercat.cat:2072/487185</identifier><datestamp>2025-10-05T14:33:33Z</datestamp><setSpec>com_2072_98</setSpec><setSpec>col_2072_378192</setSpec></header><metadata><record xmlns="http://www.loc.gov/MARC21/slim" xmlns:dcterms="http://purl.org/dc/terms/" xmlns:xsi="http://www.w3.org/2001/XMLSchema-instance" xmlns:doc="http://www.lyncode.com/xoai" xsi:schemaLocation="http://www.loc.gov/MARC21/slim http://www.loc.gov/standards/marcxml/schema/MARC21slim.xsd">
   <leader>00925njm 22002777a 4500</leader>
   <datafield ind2=" " ind1=" " tag="042">
      <subfield code="a">dc</subfield>
   </datafield>
   <datafield ind2=" " ind1=" " tag="720">
      <subfield code="a">Batlle-Masó, Laura</subfield>
      <subfield code="e">author</subfield>
   </datafield>
   <datafield ind2=" " ind1=" " tag="720">
      <subfield code="a">Perurena-Prieto, Janire</subfield>
      <subfield code="e">author</subfield>
   </datafield>
   <datafield ind2=" " ind1=" " tag="720">
      <subfield code="a">Viñas-Giménez, Laura</subfield>
      <subfield code="e">author</subfield>
   </datafield>
   <datafield ind2=" " ind1=" " tag="720">
      <subfield code="a">Aguiló-Cucurull, Aina</subfield>
      <subfield code="e">author</subfield>
   </datafield>
   <datafield ind2=" " ind1=" " tag="720">
      <subfield code="a">Fernández-Álvarez, Paula</subfield>
      <subfield code="e">author</subfield>
   </datafield>
   <datafield ind2=" " ind1=" " tag="720">
      <subfield code="a">Gil-Serrano, Johana</subfield>
      <subfield code="e">author</subfield>
   </datafield>
   <datafield ind2=" " ind1=" " tag="720">
      <subfield code="a">Guilarte, Mar</subfield>
      <subfield code="e">author</subfield>
   </datafield>
   <datafield ind2=" " ind1=" " tag="720">
      <subfield code="a">Colobrán Oriol, Roger</subfield>
      <subfield code="e">author</subfield>
   </datafield>
   <datafield ind2=" " ind1=" " tag="260">
      <subfield code="c">2025</subfield>
   </datafield>
   <datafield ind2=" " ind1=" " tag="520">
      <subfield code="a">Hereditary angioedema (HAE) is a rare genetic disease, characterized by transient and self-limiting episodes of subcutaneous or submucosal swelling that spontaneously resolve within two to five days. The most common form of HAE, HAE-C1-INH, is caused by deleterious mutations in the SERPING1 gene, encoding the C1-Inhibitor protein, and its diagnosis is confirmed by decreased C1-INH function. Distinctively from other genetic forms of HAE, up to 15-20% of HAE-C1-INH cases are sporadic caused by de novo mutations. Here, we report a patient with apparently sporadic HAE-C1-INH. The patient had compatible clinical symptoms and a markedly low C1-INH function, and the parents showed normal values of C4 and normal C1-INH function. In the patient, we identified a novel splice site mutation in SERPING1 (c.890-1G>C) and, by cDNA analysis, we confirmed its pathogenicity. Despite normal C1-INH function in the parents, we found that the mother was, unexpectedly, a mutation carrier. The inverted profile of the Sanger peaks compared with the patient, strongly suggested the presence of gonosomal mosaicism in the mother. We confirmed and quantified the mosaicism in different tissues by high depth NGS-based deep amplicon sequencing, showing a similar frequency of the variant ranging from 17 to 23%. In this study, we present the first case of gonosomal mosaicism in a family with a single child affected with HAE-C1-INH from unaffected parents. Our results underscore the importance of parental genetic testing in all patients, regardless of whether the parents are affected, and highlights the implications of gonosomal mosaicism for genetic counseling.</subfield>
   </datafield>
   <datafield ind1="8" ind2=" " tag="024">
      <subfield code="a">http://hdl.handle.net/2072/487185</subfield>
   </datafield>
   <datafield tag="653" ind2=" " ind1=" ">
      <subfield code="a">Hereditary angioedema</subfield>
   </datafield>
   <datafield tag="653" ind2=" " ind1=" ">
      <subfield code="a">C1 inhibitor deficiency</subfield>
   </datafield>
   <datafield tag="653" ind2=" " ind1=" ">
      <subfield code="a">SERPING1</subfield>
   </datafield>
   <datafield tag="653" ind2=" " ind1=" ">
      <subfield code="a">Somatic variant</subfield>
   </datafield>
   <datafield tag="653" ind2=" " ind1=" ">
      <subfield code="a">Gonosomal mosaicism</subfield>
   </datafield>
   <datafield tag="653" ind2=" " ind1=" ">
      <subfield code="a">Genetic counseling</subfield>
   </datafield>
   <datafield ind2="0" ind1="0" tag="245">
      <subfield code="a">De Novo or inherited : gonosomal mosaicism in hereditary angioedema due to C1 inhibitor deficiency</subfield>
   </datafield>
</record></metadata></record></GetRecord></OAI-PMH>